[Event "Tatry op"]
[Site "Tatranske Zruby"]
[Date "2005.09.13"]
[Round "5"]
[White "Tyda, Krzysztof"]
[Black "Janos, Ivan"]
[Result "0-1"]
[WhiteElo "2043"]
[BlackElo "2147"]
[PlyCount "80"]
[EventDate "2005.09.10"]
[EventType "swiss"]
[EventRounds "9"]
[EventCountry "SVK"]
[SourceTitle "CBM 108 Extra"]
[Source "ChessBase"]
[SourceDate "2005.11.04"]
[SourceVersion "1"]
[SourceVersionDate "2005.11.04"]
[SourceQuality "1"]

1. d4 Nf6 2. c4 c5 3. d5 e6 4. Nc3 exd5 5. cxd5 d6 6. e4 g6 7. f4 Bg7 8. Nf3 0-0 9. Be2 Nbd7 10. 0-0 Re8 11. Qc2 Qe7 12. Nd2 Nb6 13. Bf3 Ng4 14. Nb3 c4 15. Qd1 Nxh2 16. Kxh2 cxb3 17. axb3 f5 18. Be3 fxe4 19. Be2 Nd7 20. b4 Qh4+ 21. Kg1 Ne5 22. Qe1 Qxe1 23. Rfxe1 Nd3 24. Bxd3 exd3 25. Rad1 Bf5 26. Nb5 Bxb2 27. Nxd6 Bc3 28. Nxf5 gxf5 29. Bd2 Rxe1+ 30. Bxe1 Bxe1 31. Rxe1 Rd8 32. Rd1 Rxd5 33. Kf2 d2 34. Ke3 Kf7 35. Rxd2 Rxd2 36. Kxd2 Ke6 37. Ke3 Kd5 38. Kd3 b5 39. Ke3 h5 40. Kd3 h4 0-1